| 000 | 00331nam a22001337a 4500 | ||
|---|---|---|---|
| 020 | _a81-7992-581-1 | ||
| 082 |
_a425 _bLIN/E |
||
| 100 | _aLINDNER,MAUREEN | ||
| 245 | _aENGLISH LANGUAGE & COMPOSITION | ||
| 260 |
_aMUMBAI _bJAICO PUBLISHING HOUSE |
||
| 300 | _a349 | ||
| 650 |
_aENGLISH LANGUAGE & COMPOSITION _zMUMBAI |
||
| 942 | _cBK | ||
| 999 |
_c3764 _d3764 |
||